| 000 | 01100cab a2200241 4500 | ||
|---|---|---|---|
| 001 | ABS46484 | ||
| 008 | 090401t1992 xxu||||| |||| 00| 0 eng d | ||
| 035 | _a(Sirsi) u58504 | ||
| 041 | _aeng | ||
| 100 | _aLowry, M. | ||
| 245 | 4 | _aThe agricultural rental formula in practice | |
| 260 | _c1992 | ||
| 350 | _a0 | ||
| 490 |
_aCS Monthly : Rural Practice _v1(8) May 1992, 5-6(2) |
||
| 520 | _aDescribes the background to the present agricultural rental formula introduced by the Agricultural Holdings Act 1986 and examines the theory behind it and how it actually works in practice. Highlights the principal elements: prudent and willing landlord and tenant; terms of the tenancy; character and situation of the holding; productivity and related earning capacity; and the current level of rent for comparable lettings. Concludes with a look at factors which will determine future rent trends. | ||
| 650 | _aAGRICULTURAL HOLDINGS ACT 1986 | ||
| 650 | _aFARM RENTS | ||
| 650 | _aRENT FORMULA | ||
| 650 | _aRENTAL VALUATION | ||
| 690 | _aRURAL PRACTICE | ||
| 942 | _n0 | ||
| 948 | _c04/03/1997 | ||
| 999 |
_c35731 _d35731 |
||